000 01109nam a2200253Ia 4500
003 OSt
005 20220923215024.0
006 a|||||r|||| 00| 0
007 ta
008 220922b |||||||| |||| 00| 0 hin d
024 _a174,967
037 _cTextual
040 _aARTS
_cARTS
_bhin
041 _2hin
_ahin
082 _aO152,6N33x, L2
100 _aगुप्त, सुरेशचन्द्र
245 0 _aकाव्यशास्त्रीय चिन्तन* काव्य शास्त्र, काव्य-रूप और अनुसन्धान-प्रक्रिया सम्बन्धी विवेचन
246 _aKāvyashāstrīya chintana: kāvya shāstra, kāvya-rūp aur anusandhāna-prakriyā sambandhī vivechana
260 _aग्वालियर
_b रवींद्र प्रकाशन
_c1972
300 _a193पृ.
_ccm.
650 _aहिन्दी साहित्य
_9156264
942 _hO152,6N33x, L2
_cTEXL
_2CC
999 _c328671
_d328671